000 00530nam a2200217 a 4500
001 0001-2027
003 ELIB.Books
008 190620 2010 eng
020 _aKBTS
092 _a248
_bBic
100 _aBickle, Mike.
245 _aPassion for Jesus
260 _aOrland
_bCreation House
_c1994
300 _a200
_c22.5 Cm
650 _aChristian Life
856 _nKBTS Library
_uKBTS Elib
942 _2ddc
_cBK
990 _a1
998 _aEnglishbooks.elf
_ccat
_e2019-06-20
999 _c12027
_d12027